<?xml version="1.0" encoding="UTF-8"?><?xml-stylesheet type="text/xsl" href="static/style.xsl"?><OAI-PMH xmlns="http://www.openarchives.org/OAI/2.0/" xmlns:xsi="http://www.w3.org/2001/XMLSchema-instance" xsi:schemaLocation="http://www.openarchives.org/OAI/2.0/ http://www.openarchives.org/OAI/2.0/OAI-PMH.xsd"><responseDate>2026-06-04T19:54:21Z</responseDate><request verb="GetRecord" identifier="oai:riuma.uma.es:10630/22081" metadataPrefix="marc">https://riuma.uma.es/rest/oai/request</request><GetRecord><record><header><identifier>oai:riuma.uma.es:10630/22081</identifier><datestamp>2026-02-03T12:34:14Z</datestamp><setSpec>com_10630_2254</setSpec><setSpec>col_10630_37957</setSpec></header><metadata><record xmlns="http://www.loc.gov/MARC21/slim" xmlns:dcterms="http://purl.org/dc/terms/" xmlns:doc="http://www.lyncode.com/xoai" xmlns:xsi="http://www.w3.org/2001/XMLSchema-instance" xsi:schemaLocation="http://www.loc.gov/MARC21/slim http://www.loc.gov/standards/marcxml/schema/MARC21slim.xsd">
   <leader>00925njm 22002777a 4500</leader>
   <datafield ind2=" " ind1=" " tag="042">
      <subfield code="a">dc</subfield>
   </datafield>
   <datafield ind2=" " ind1=" " tag="720">
      <subfield code="a">Mateos Angulo, Alvaro</subfield>
      <subfield code="e">author</subfield>
   </datafield>
   <datafield ind2=" " ind1=" " tag="260">
      <subfield code="c">2021-05-26</subfield>
   </datafield>
   <datafield ind2=" " ind1=" " tag="520">
      <subfield code="a">Los objetivos generales de esta tesis fueron: en primer lugar, estudiar el uso de sistemas avanzados de evaluación del movimiento humano en pacientes ambulatorios a través del uso de sensores inerciales en pruebas de salto vertical en adultos jóvenes. En segundo lugar, estudiar el uso de sistemas avanzados de evaluación de variables relacionadas con el movimiento humano en pacientes institucionalizados a través del uso de ecografía muscular. &#xd;
El capítulo 1 se trata de una introducción común de los estudios que componen la presente tesis. El capítulo 2 se compone de dos estudios en los que se investigó el uso de los sensores inerciales incluidos en un smartphone en la evaluación de diferentes pruebas de salto vertical en población adulta sana. En el artículo I se analiza las diferencias por género de dos pruebas de salto vertical (SJ y CMJ) a través de un smartphone. En el artículo II se describe el análisis de una prueba polimétrica de salto vertical (DJ) desde diferentes alturas utilizando un smartphone. En el capítulo 3 se describe el uso de métodos avanzados de evaluación con el uso de la ecografía musculoesquelética en la valoración integral del paciente geriátrico a través de los artículos III y IV que componen esta tesis. En el artículo III se analizan las relaciones existentes entre la arquitectura muscular del músculo recto femoral y una prueba funcional de potencia en miembros inferiores en adultos mayores. En el artículo IV se estudia la relación de variables de arquitectura y calidad muscular en el miembro inferior medidas con ecografía y la valoración del estado nutricional en adultos mayores institucionalizados. En el capítulo 4 se realiza una discusión general de los estudios que componen la tesis.</subfield>
   </datafield>
   <datafield ind1="8" ind2=" " tag="024">
      <subfield code="a">https://hdl.handle.net/10630/22081</subfield>
   </datafield>
   <datafield tag="653" ind2=" " ind1=" ">
      <subfield code="a">Mecánica humana -  Evaluación - Tesis doctorales</subfield>
   </datafield>
   <datafield tag="653" ind2=" " ind1=" ">
      <subfield code="a">Fisioterapia - Tesis doctorales</subfield>
   </datafield>
   <datafield ind2="0" ind1="0" tag="245">
      <subfield code="a">Análisis del movimiento humano en escenarios ambulatorios y hospitalarios en fisioterapia.</subfield>
   </datafield>
</record>
</metadata></record></GetRecord></OAI-PMH>